Agrarian system of Mughal India (Record no. 31541)

MARC details
000 -LEADER
fixed length control field 00486nam a2200181Ia 4500
008 - FIXED-LENGTH DATA ELEMENTS--GENERAL INFORMATION
fixed length control field 230917s9999||||xx |||||||||||||| ||und||
020 ## - ISBN
Price RS730
040 ## - CATALOGING SOURCE
-- 256161
Original cataloging agency VIVEKANANDA LIBRARY
041 ## - Language
-- English
082 ## - DDC NUMBER
Classification number 954.025 H114A(3)
100 ## - MAIN ENTRY--PERSONAL NAME
Personal name Habib, Irfan
245 #0 - TITLE STATEMENT
Title Agrarian system of Mughal India
250 ## - EDITION STATEMENT
Edition statement 3rd ed.
260 ## - PUBLICATION, DISTRIBUTION, ETC. (IMPRINT)
Place of publication, distribution, etc New Delhi
Name of publisher, distributor, etc Oxford University Press
Date of publication, distribution, etc 2014
300 ## - PHYSICAL DESCRIPTION
Pages xvii, 548 p.
500 ## - GENERAL NOTE
General note 3494 15/07/2019 RK19/974 06/08/2019 Main Budget
942 ## - ADDED ENTRY ELEMENTS (KOHA)
Koha item type Books
Holdings
Withdrawn status Lost status Damaged status Not for loan Location (home branch) Sublocation or collection (holding branch) Date acquired Koha issues (times borrowed) Koha full call number Accession No. Koha date last seen Koha item type
        VIVEKANANDA LIBRARY VIVEKANANDA LIBRARY 10/10/2019 3 954.025 H114A(3) 384606 07/04/2026 Books
        VIVEKANANDA LIBRARY VIVEKANANDA LIBRARY 10/10/2019   954.025 H114A(3) 384607 17/09/2023 Books
© Designed and Maintained by Vivekananda Library, MDU Rohtak